Reporting technical information / (Record no. 70170)

000 -LEADER
fixed length control field 00836pam a2200277 a 4500
001 - CONTROL NUMBER
control field 3840240
003 - CONTROL NUMBER IDENTIFIER
control field NUST - PNEC
005 - DATE AND TIME OF LATEST TRANSACTION
control field 20170116181135.0
008 - FIXED-LENGTH DATA ELEMENTS--GENERAL INFORMATION
fixed length control field 870512s1988 nyua b 001 0 eng
010 ## - LIBRARY OF CONGRESS CONTROL NUMBER
LC control number 87014190
020 ## - INTERNATIONAL STANDARD BOOK NUMBER
International Standard Book Number 0023572205 (pbk.)
040 ## - CATALOGING SOURCE
Transcribing agency LIBRARY
050 00 - LIBRARY OF CONGRESS CALL NUMBER
Classification number T11
Item number .H59 1988
082 00 - DEWEY DECIMAL CLASSIFICATION NUMBER
Classification number 808.0666 HOU
Edition number 19
100 1# - MAIN ENTRY--PERSONAL NAME
Personal name Houp, Kenneth W.,
Dates associated with a name 1913-
245 10 - TITLE STATEMENT
Title Reporting technical information /
Statement of responsibility, etc. Kenneth W. Houp, Thomas E. Pearsall.
250 ## - EDITION STATEMENT
Edition statement 6th ed.
260 ## - PUBLICATION, DISTRIBUTION, ETC.
Place of publication, distribution, etc. New York :
Name of publisher, distributor, etc. Macmillan ;
Place of publication, distribution, etc. London :
Name of publisher, distributor, etc. Collier Macmillan,
Date of publication, distribution, etc. c1988.
300 ## - PHYSICAL DESCRIPTION
Extent xvii, 596 p. :
Other physical details ill. ;
Dimensions 24 cm.
500 ## - GENERAL NOTE
General note Includes index.
504 ## - BIBLIOGRAPHY, ETC. NOTE
Bibliography, etc. note Bibliography: p. 570-573.
650 #0 - SUBJECT ADDED ENTRY--TOPICAL TERM
Topical term or geographic name entry element Technical writing.
700 1# - ADDED ENTRY--PERSONAL NAME
Personal name Pearsall, Thomas E.
906 ## - LOCAL DATA ELEMENT F, LDF (RLIN)
a 7
b cbc
c orignew
d 1
e ocip
f 19
g y-gencatlg
942 ## - ADDED ENTRY ELEMENTS (KOHA)
Source of classification or shelving scheme
Koha item type Book
Holdings
Withdrawn status Lost status Source of classification or shelving scheme Damaged status Not for loan Permanent Location Current Location Shelving location Date acquired Total Checkouts Full call number Barcode Date last seen Price effective from Koha item type
          Pakistan Navy Engineering College (PNEC) Pakistan Navy Engineering College (PNEC)       808.0666 HOU PNECLIB-011823 10/07/2015   Book
© 2023 Central Library, National University of Sciences and Technology. All Rights Reserved.